Normal view
MARC view
- Tamer, Ülkü,
Entry Personal Name
001 - CONTROL NUMBER
- control field: 53776
003 - CONTROL NUMBER IDENTIFIER
- control field: TR-AnTOB
005 - DATE AND TIME OF LATEST TRANSACTION
- control field: 20210225170614.0
008 - FIXED-LENGTH DATA ELEMENTS
- fixed length control field: 880620n| acannaabn |n aaa
010 ## - LIBRARY OF CONGRESS CONTROL NUMBER
- LC control number: n 88118503
040 ## - CATALOGING SOURCE
- Original cataloging agency: DLC
- Language of cataloging: eng
- Transcribing agency: DLC
- Modifying agency: DLC
- Modifying agency: CU
- Modifying agency: InU
- Description conventions: rda
046 ## - SPECIAL CODED DATES
- Birth date: 19200220
053 #0 - LC CLASSIFICATION NUMBER
- Classification number element--single number or beginning number of span: PL248.T19
090 ## - LOCAL CALL NUMBER (SERIES) [OBSOLETE]; LOCALLY ASSIGNED LC-TYPE CALL NUMBER (OCLC); LOCAL CALL NUMBER (OCLC)
- Call number ; Classification number (OCLC) (R) ; Classification number, CALL (RLIN) (NR): PL248.T3647
100 1# - HEADING--PERSONAL NAME
- Personal name: Tamer, Ülkü,
- Dates associated with a name: 1937-2018
370 ## - ASSOCIATED PLACE
- Place of birth: Gaziantep (Turkey)
- Place of death: Bodrum, Muğla (Turkey)
- Associated country: Turkey
375 ## - GENDER
- Gender: Males
377 ## - ASSOCIATED LANGUAGE
- Language code: tur
670 ## - SOURCE DATA FOUND
- Source citation: Nâzım Hikmet. Seçme şiirler, 1968-1969:
- Information found: v. 1, t.p. (Ülkü Tamer)
670 ## - SOURCE DATA FOUND
- Source citation: LC data base, 6-16-88
- Information found: (hdg.: Tamer, Ülkü)
670 ## - SOURCE DATA FOUND
- Source citation: Yaşamak hatırlanmaktır, 2011:
- Information found: frontis p. (b. February 20, 1937)



